00485nam a2200145 a 4500008004100000050001400041100001600055245004600071246010400117260005600221300002100277350000900298700001600307700001600323120416s1996 ||||||||||||||||| || u aCAT(02)96 aKomen, John10aTurning priorities into feasible programs aproceedings of a policy seminar on agricultural biotechnology for East and Southern Africa.Southern aThe HaguebIntermediary biotechnology Servicec1996 avii,179p. : ill. a0.00 aCohen, Joel aOfir, Zenda